| 000 | 01376nam a2200349 c 4500 | ||
|---|---|---|---|
| 999 |
_c422705 _d422705 |
||
| 003 | BLK | ||
| 005 | 20250707163650.0 | ||
| 008 | 180411b bul|||||r ||||||| ||bul|| | ||
| 010 | _aKNG00176107000 | ||
| 020 | _a9786192403904 | ||
| 040 | _aBLK | ||
| 041 |
_aBUL _cBUL |
||
| 072 | 7 |
_2bullib _aН93 _xКраезнание - отраслова литература Н |
|
| 080 |
_aКраезнание _b908 _x(262.5:210:497.2)(036) _z908(262.5:210:497.2)(036) |
||
| 080 |
_aБългарска литература _b821.163.2 _z821.163.2-34 |
||
| 100 |
_aВасилева, Зорница _eпърви автор _91299 |
||
| 139 |
_aВасилева, Зорница _bВ 24 |
||
| 245 | 1 | 0 |
_aГоляма книга на българското Черноморие _cЗорница Василева, ред. Цанко Лалев |
| 257 | _aBGR | ||
| 260 |
_bПАН _c2021 _9209558 _aСофия _n978-954-660- ; 978-954-657- |
||
| 300 |
_a224 с. _c20 см |
||
| 380 | _a9 | ||
| 651 | 4 |
_aЧерноморие _9260379 |
|
| 651 | 4 |
_aБългария _9241624 |
|
| 653 | 7 |
_aмитове _9191145 |
|
| 653 | 7 |
_aлегенди _9189752 |
|
| 700 |
_91340 _aДулев, Цанко Лалев _eред., бел. и прил. |
||
| 852 |
_bД _c908/В 24 З |
||
| 942 |
_cKNG _n0 _010 _s1 |
||
| 944 |
_aCR _c2021-07-02 _k30552 _lВиолета Тройчева |
||
| 999 | _d422705 | ||